000 00683nam a2200193Ii 4500
003 JO-AjNU
008 230605s9999||||xx |||||||||||||| ||und||
040 _aJO-AjNU
_bara
_erda
_cJO-AjNU
041 _aara
050 1 4 _aPR94993.D465.G312 1989
100 3 _aديساي، أنيتا ؛ ترجمة أمجد حسين,
_eauthor
_910222
245 0 0 _aاللعب في الغسق وقصص أخرى
264 3 1 _aبغداد: دار المأمون للترجمة والنشر، 1989
300 _a304ص
336 _atext
_btxt
_2rdacontent
337 _aunmediated
_bn
_2rdamedia
338 _avolume
_bnc
_2rdacarrier
650 4 _aالأدب الإنجليزي - قصص مترجمة
_910223
999 _aA1697
_c5265
_d5265